<?xml version="1.0" encoding="UTF-8"?>
<marc:record xmlns:marc="http://www.loc.gov/MARC21/slim">
   <marc:leader>00000nam a2200000 a 4500</marc:leader>
   <marc:datafield ind1="1" ind2=" " tag="100">
      <marc:subfield code="a">Hoffman, Mary</marc:subfield>
      <marc:subfield code="4">aut</marc:subfield>
      <marc:subfield code="e">Verfasser/-in</marc:subfield>
   </marc:datafield>
   <marc:datafield ind1=" " ind2=" " tag="653">
      <marc:subfield code="a">Fantasy</marc:subfield>
   </marc:datafield>
   <marc:datafield ind1="0" ind2="0" tag="245">
      <marc:subfield code="a">Stravaganza - Stadt der Sterne</marc:subfield>
   </marc:datafield>
   <marc:datafield ind1=" " ind2="1" tag="264">
      <marc:subfield code="b"> Arena</marc:subfield>
      <marc:subfield code="c">2004</marc:subfield>
   </marc:datafield>
   <marc:datafield ind1="1" ind2=" " tag="520">
      <marc:subfield code="a">Mary Hoffmans große Fantasy-Trilogie um die “Stravaganza” - die geheimnisvolle Fähigkeit, durch Zeit und Raum zu reisen - geht weiter. Der zweite Band entführt in das faszinierende Remora, in dem alle Einwohner einem atemberaubenden Pferderennen entgegenfiebern. Georgia, eine neue Zeitreisende, muss hier im Strudel widerstreitender Interessen und gefährlichster Intrigen bestehen. </marc:subfield>
   </marc:datafield>
   <marc:datafield ind1="3" ind2=" " tag="024">
      <marc:subfield code="a">3401055801</marc:subfield>
   </marc:datafield>
</marc:record>
